<?xml version="1.0" encoding="UTF-8"?>
<collection xmlns="http://www.loc.gov/MARC21/slim">
    <record>
        <controlfield tag="001">76719</controlfield>
        <controlfield tag="005">20190115134154.0</controlfield>
        <datafield tag="037" ind1=" " ind2=" ">
            <subfield code="a">TAZ-TFG-2018-3269</subfield>
        </datafield>
        <datafield tag="041" ind1=" " ind2=" ">
            <subfield code="a">spa</subfield>
        </datafield>
        <datafield tag="100" ind1="1" ind2=" ">
            <subfield code="a">Medina Ibáñez, Rubén</subfield>
        </datafield>
        <datafield tag="242" ind1="0" ind2="0">
            <subfield code="a">The Protected Designations of Origin as an element for territory development. Case study: Calanda Peach</subfield>
        </datafield>
        <datafield tag="245" ind1="0" ind2="0">
            <subfield code="a">Las Denominaciones de Origen Protegidas como elemento de desarrollo territorial. Estudio de caso: Melocotón de Calanda</subfield>
        </datafield>
        <datafield tag="260" ind1=" " ind2=" ">
            <subfield code="a">Zaragoza</subfield>
            <subfield code="b">Universidad de Zaragoza</subfield>
            <subfield code="c">2018</subfield>
        </datafield>
        <datafield tag="500" ind1=" " ind2=" ">
            <subfield code="a">Resumen disponible también en inglés.</subfield>
        </datafield>
        <datafield tag="506" ind1=" " ind2=" ">
            <subfield code="a">by-nc-sa</subfield>
            <subfield code="b">Creative Commons</subfield>
            <subfield code="c">3.0</subfield>
            <subfield code="u">http://creativecommons.org/licenses/by-nc-sa/3.0/</subfield>
        </datafield>
        <datafield tag="520" ind1=" " ind2=" ">
            <subfield code="a">Los espacios rurales han tenido que renovarse y reconvertirse con el fin de no quedar obsoletos ante los avances tanto tecnológicos, económicos o sociales. Una de las soluciones encontradas con el fin de dar valor y diferenciación a los espacios rurales ha sido la creación de una serie de sellos de calidad para productos alimenticios. Uno de estos sellos es la Denominación de Origen Protegida, cuyo fin es proteger la calidad agroalimentaria, asegurar una garantía de calidad al consumidor y reconocer el valor de un producto y el trabajo de los productores. A su vez, esto repercute en el territorio vinculado a esta Denominación de Origen Protegida al ser un potenciador del desarrollo rural al influir en el asentamiento de población, creación de infraestructuras y mejora de la renta del territorio. Este trabajo pretende observar la incidencia de una Denominación de Origen Protegida en un territorio dado mediante la elaboración de un estudio de caso. El caso escogido ha sido la Denominación de Origen Protegida Melocotón de Calanda. Este estudio de caso pretende dar una visión de la evolución e incidencia de esta Denominación de Origen Protegida en su territorio mediante un análisis en el cual se trata el marco histórico, la normativa que rige dicho sello de calidad, la influencia del medio físico y factores de producción, para finalizar con un estudio del peso de la Denominación de Origen Protegida en el territorio y economía de la zona mediante el cálculo de una serie de indicadores.</subfield>
        </datafield>
        <datafield tag="521" ind1=" " ind2=" ">
            <subfield code="a">Graduado en Geografía y Ordenación del Territorio</subfield>
        </datafield>
        <datafield tag="540" ind1=" " ind2=" ">
            <subfield code="a">Derechos regulados por licencia Creative Commons</subfield>
        </datafield>
        <datafield tag="700" ind1=" " ind2=" ">
            <subfield code="a">Climent López, Eugenio Antonio</subfield>
            <subfield code="e">dir.</subfield>
        </datafield>
        <datafield tag="710" ind1="2" ind2=" ">
            <subfield code="a">Universidad de Zaragoza</subfield>
            <subfield code="b">Geografía y Ordenación del Territorio</subfield>
            <subfield code="c">Análisis Geográfico Regional</subfield>
        </datafield>
        <datafield tag="856" ind1="0" ind2=" ">
            <subfield code="f">701716@celes.unizar.es</subfield>
        </datafield>
        <datafield tag="856" ind1="4" ind2=" ">
            <subfield code="s">2813955</subfield>
            <subfield code="u">http://zaguan.unizar.es/record/76719/files/TAZ-TFG-2018-3269.pdf</subfield>
            <subfield code="y">Memoria (spa)</subfield>
        </datafield>
        <datafield tag="909" ind1="C" ind2="O">
            <subfield code="o">oai:zaguan.unizar.es:76719</subfield>
            <subfield code="p">driver</subfield>
            <subfield code="p">trabajos-fin-grado</subfield>
        </datafield>
        <datafield tag="950" ind1=" " ind2=" ">
            <subfield code="a"></subfield>
        </datafield>
        <datafield tag="951" ind1=" " ind2=" ">
            <subfield code="a">deposita:2019-01-15</subfield>
        </datafield>
        <datafield tag="980" ind1=" " ind2=" ">
            <subfield code="a">TAZ</subfield>
            <subfield code="b">TFG</subfield>
            <subfield code="c">FFYL</subfield>
        </datafield>
        <datafield tag="999" ind1=" " ind2=" ">
            <subfield code="a">20180915221804.CREATION_DATE</subfield>
        </datafield>
    </record>

    
</collection>